000 00888nas a2200265 4500
001 BR2014006925
003 BR-BrBNA
005 20231205124707.0
007 ta
008 230509b bl.|||p| |||| 00| 00por d
040 _aBR-BrBNA
_bpor
_cBiblioteca Nacional de Agricultura
041 _a(Es)
072 _aF04; P33; Q70
100 1 _aDaza-Torres, M.C.
100 1 _aÁlvarez-Herrera, J.G.
100 1 _aCamacho-Tamayo, J.H.
245 1 _aAplicación de materiales orgánicos e inorgánicos en la adsorción de fósforo en un Oxisol
650 _aRESÍDUO ORGÂNICO
650 _aQUÍMICA DO SOLO
650 _aFIXAÇÃO DE FÓSFORO
650 _aFERTILIZANTE
773 0 _tRevista Brasileira de Engenharia Agrícola e Ambiental (Brazil)
_xISSN 1415-4366
_g(May 2008), V. 12(5) p. 451-457
_wBR2014006925
909 _a202311
_bLúcia
_c55
_dLúcia Elande
942 _2AGRIS
_n0
_cANA
999 _c240420
_d240420